| 000 | 01194cam a2200265 i 4500 | ||
|---|---|---|---|
| 003 | SA-RiAUC | ||
| 005 | 20251113132934.0 | ||
| 008 | 251021s1970 sy g 000r0 ara c | ||
| 040 |
_aSA-JeALM _bara _cSA-RiAUC _erda |
||
| 082 | 0 | 4 |
_a214.27 _qSA-RiAUC |
| 090 |
_a214.27 _bع ل م |
||
| 100 | 1 |
_aالعلمي، عبد الله بن محمد بن صلاح الدين، _d1278-1355 هجري _eمؤلف. |
|
| 245 | 1 | 0 |
_aكتاب سلاسل المناظرة الإسلامية النصرانية بين شيخ وقسيس / _cبقلم عبد الله العلمي. |
| 246 | 3 | 0 | _aسلاسل المناظرة الإسلامية النصرانية بين شيخ وقسيس |
| 250 | _aالطبعة الأولى. | ||
| 264 | 1 |
_aدمشق : _b[الناشر غير محدد]، _c[1970] |
|
| 300 |
_a400 صفحة ؛ _c24 سم |
||
| 336 |
_aنص _btxt _2rdacontent _3كتاب |
||
| 337 |
_aبدون وسيط _bn _2rdamedia |
||
| 338 |
_aمجلد _bnc _2rdacarrier |
||
| 500 | _aإهداء من ابن المؤلف عبد الحليم العلمي بتاريخ 1392/3/7 هـ | ||
| 650 | 7 |
_aالإسلام والمسيحية _2aucsh |
|
| 942 |
_2ddc _cBOOK _n0 |
||
| 949 |
_aSA-JeALM _d251021 _umohamedma123 _n1 |
||
| 999 |
_c13257 _d13257 |
||